Longman grammar of spoken and written english
Gardado en:
| Autor Principal: | |
|---|---|
| Formato: | Libro |
| Idioma: | Undetermined |
| Publicado: |
England
Longman
1999
|
| Những chủ đề: | |
| Các nhãn: |
Engadir etiqueta
Sen Etiquetas, Sexa o primeiro en etiquetar este rexistro!
|
| Thư viện lưu trữ: | Trung tâm Học liệu Trường Đại học Cần Thơ |
|---|
| LEADER | 00524nam a2200193Ia 4500 | ||
|---|---|---|---|
| 001 | CTU_54783 | ||
| 008 | 210402s9999 xx 000 0 und d | ||
| 020 | |b 540000 | ||
| 082 | |a 428.2 | ||
| 082 | |b L848 | ||
| 100 | |a Douglas Biber ... [et al.] | ||
| 245 | 0 | |a Longman grammar of spoken and written english | |
| 245 | 0 | |c Douglas Biber ... [et al.] | |
| 260 | |a England | ||
| 260 | |b Longman | ||
| 260 | |c 1999 | ||
| 650 | |a english language | ||
| 650 | |x grammar | ||
| 980 | |a Trung tâm Học liệu Trường Đại học Cần Thơ | ||